A JATE-klubban. [Röv. hír.]
Elmentve itt :
| Dokumentumtípus: | Cikk |
|---|---|
| Megjelent: |
1989-12-01
|
| Sorozat: | Délmagyarország
79 No. 285 |
| Kulcsszavak: | Egyetemi klub |
| Online Access: | http://dmarchiv.bibl.u-szeged.hu/79126 |
| LEADER | 00398nab a2200145 i 4500 | ||
|---|---|---|---|
| 001 | delm79126 | ||
| 005 | 20190920110146.0 | ||
| 008 | 190920s1989 hu o 0|| hun d | ||
| 040 | |a SZTE Délmagyarország Archívum |b hun | ||
| 041 | |a hun | ||
| 245 | 0 | 2 | |a A JATE-klubban. [Röv. hír.] |h [elektronikus dokumentum] |
| 260 | |c 1989-12-01 | ||
| 300 | |a 8 | ||
| 490 | 0 | |a Délmagyarország |v 79 No. 285 | |
| 695 | |a Egyetemi klub | ||